| 000 | 00793cab a2200241 4500 | ||
|---|---|---|---|
| 001 | WB3432-17 | ||
| 008 | 090401t1998 xxu||||| |||| 00| 0 eng d | ||
| 035 | _a(Sirsi) u88066 | ||
| 041 | _aeng | ||
| 245 | _aNorth-south divide | ||
| 260 | _c1998 | ||
| 350 | _a0 | ||
| 490 |
_aFinancial Times _v18 August 1998, 14(1) |
||
| 520 | _aDiscusses a new report by the Centre for Economic Policy which suggests that the north-south divide could be reduced by increasing the the amount of rented accommodation available and reforming the council tax system. | ||
| 650 | _aLABOUR MIGRATION | ||
| 650 | _aNORTH-SOUTH DIVIDE | ||
| 650 | _aREGIONAL DIFFERENCES | ||
| 650 | _aREGIONAL POLICY | ||
| 650 | _aRENTED HOUSING | ||
| 690 | _aECONOMIC AND SOCIAL | ||
| 942 | _n0 | ||
| 948 | _c19/08/1998 | ||
| 999 |
_c55618 _d55618 |
||